Najlepsi strzelcy reprezentacyjni - Statystyki

Ogólne statystyki
  • Ten quiz został rozwiązany 42 razy
  • Średni wynik to 9 z 22
Statystyki odpowiedzi
Lp. Personalia gracza Narodowość Występy/gole w kadrze % Poprawnych
1 Cristiano Ronaldo Portugalia 226/143
100%
2 Lionel Messi Argentyna 196/115
100%
6 Robert Lewandowski Polska 163/88
93%
4 Romelu Lukaku Belgia 124/89
90%
19 Edin Džeko Bośnia i Hercegowina 146/72
80%
12 Harry Kane Anglia 112/78
80%
9 Ferenc Puskás Węgry 80/80
73%
22 Miroslav Klose Niemcy 137/71
73%
11 Neymar Brazylia 128/79
73%
14 Pelé Brazylia 92/77
71%
15 Sándor Kocsis Węgry 68/75
27%
3 Ali Daei Iran 148/108
20%
13 Hussein Saeed Mohammed Irak 137/78
2%
21 Kiatisuk Senamuang Tajlandia 134/71
2%
5 Mokhtar Dahari Malezja 142/89
2%
7 Sunil Chhetri Indie 142/86
2%
8 Ali Mabkhout Zjednoczone Emiraty Arabskie 113/85
0%
17 Bashar Abdullah Kuwejt 115/75
0%
10 Godfrey Chitalu Zambia 91/79
0%
20 Kinnah Phiri Malawi 115/71
0%
16 Kunishige Kamamoto Japonia 76/75
0%
18 Majed Abdullah Arabia Saudyjska 117/72
0%
Nie znaleziono quizów pasujących do podanych kryteriów
Rozkład punktacji
Procent ludzi z każdym wynikiem
Percentyl według liczby udzielonych odpowiedzi
Twoja historia wyników
Nie rozwiązałeś tego quizu